Raising the Bar: (Record no. 115874)
[ view plain ]
| 000 -LEADER | |
|---|---|
| fixed length control field | 02109cad a2200265 4500 |
| 001 - CONTROL NUMBER | |
| control field | L159408 |
| 008 - FIXED-LENGTH DATA ELEMENTS--GENERAL INFORMATION | |
| fixed length control field | 170331n2017 000 0 eng u |
| 035 ## - SYSTEM CONTROL NUMBER | |
| System control number | (Sirsi) u159408 |
| 041 ## - LANGUAGE CODE | |
| Language code of text/sound track or separate title | eng |
| 110 2# - MAIN ENTRY--CORPORATE NAME | |
| Corporate name or jurisdiction name as entry element | Occupiers Journal Limited |
| 9 (RLIN) | 6144 |
| 245 00 - TITLE STATEMENT | |
| Title | Raising the Bar: |
| Remainder of title | From occupational excellence to strategic impact in FM |
| Medium | [electronic resource] |
| 260 ## - PUBLICATION, DISTRIBUTION, ETC. | |
| Place of publication, distribution, etc. | London |
| Name of publisher, distributor, etc. | RICS |
| Date of publication, distribution, etc. | 2017 |
| 490 #0 - SERIES STATEMENT | |
| Series statement | Raising the Bar |
| Volume/sequential designation | III |
| 490 #0 - SERIES STATEMENT | |
| Series statement | RICS Research |
| 520 ## - SUMMARY, ETC. | |
| Summary, etc. | The third study in the Raising the Bar series of reports on facilities management issues. Identifies the key issues facing the facilities management sector and puts ways forward for how FM can build recognition and understanding. The main challenges & actions identified include: The need to move beyond a cost-centre mentality and build recognition for the value and ROI that excellent, well-supported FM can bring. The need to take on the strategic challenge of championing workplace effectiveness, workforce productivity and well-being. The need to recruit new talent to replace an ageing workforce.The need to recognise the need for relationship management skills in addition to those of operational service delivery. The need to adopt and apply new technologies to enhance the management of facilities and to create new kinds of workplaces. Raising the Bar III is a joint collaboration with IFMA. Part I (L158285) and Part II (L158282). |
| 650 24 - SUBJECT ADDED ENTRY--TOPICAL TERM | |
| Topical term or geographic name entry element | Strategic Facilities Management |
| 651 #4 - SUBJECT ADDED ENTRY--GEOGRAPHIC NAME | |
| Geographic name | ENGLAND AND WALES |
| 690 ## - LOCAL SUBJECT ADDED ENTRY--TOPICAL TERM (OCLC, RLIN) | |
| Topical term or geographic name as entry element | Facilities management |
| 9 (RLIN) | 6240 |
| 700 1# - ADDED ENTRY--PERSONAL NAME | |
| Personal name | Ware, J. P. |
| 700 1# - ADDED ENTRY--PERSONAL NAME | |
| Personal name | Carder, Paul |
| 710 1# - ADDED ENTRY--CORPORATE NAME | |
| Corporate name or jurisdiction name as entry element | Royal Institution of Chartered Surveyors |
| 9 (RLIN) | 4900 |
| 856 40 - ELECTRONIC LOCATION AND ACCESS | |
| Uniform Resource Identifier | <a href="https://www.rics.org/globalassets/rics-website/media/knowledge/research/research-reports/raising-the-bar-iii-from-operational-excellence-to-strategic-impact-in-fm-rics.pdf">https://www.rics.org/globalassets/rics-website/media/knowledge/research/research-reports/raising-the-bar-iii-from-operational-excellence-to-strategic-impact-in-fm-rics.pdf</a> |
| Public note | View the report free of charge at www.rics.org |
| 856 40 - ELECTRONIC LOCATION AND ACCESS | |
| Uniform Resource Identifier | <a href="https://www.rics.org/globalassets/rics-website/media/knowledge/research/research-reports/raising-the-bar-executive-summary-rics.pdf">https://www.rics.org/globalassets/rics-website/media/knowledge/research/research-reports/raising-the-bar-executive-summary-rics.pdf</a> |
| Public note | View the executive summary free of charge at www.rics.org |
| 942 ## - ADDED ENTRY ELEMENTS (KOHA) | |
| Suppress in OPAC | 0 |
| Withdrawn status | Lost status | Source of classification or shelving scheme | Damaged status | Not for loan | Home library | Current library | Shelving location | Date acquired | Total Checkouts | Full call number | Barcode | Date last seen | Copy number | Price effective from | Koha item type |
|---|---|---|---|---|---|---|---|---|---|---|---|---|---|---|---|
| Dewey Decimal Classification | Archives | Archives | Archive copy | 21/12/2017 | RICS 2017/14 | 30078414 | 06/08/2019 | 1 | 06/08/2019 | Book | |||||
| Dewey Decimal Classification | London | London | RICS Boxes | 21/12/2017 | RICS 2017/14 | 30078405 | 06/08/2019 | 1 | 06/08/2019 | Book | |||||
| Dewey Decimal Classification | London | London | RICS Boxes | 21/12/2017 | RICS 2017/14 | 30078409 | 06/08/2019 | 2 | 06/08/2019 | Book | |||||
| Dewey Decimal Classification | Virtual | Virtual | Online | 31/03/2017 | ONLINE PUBLICATION | 159408-2001 | 06/08/2019 | 1 | 06/08/2019 | Book |